Gently speaks the heart; this and other poems, (Запис № 500500)

МАРК-запис
000 -LEADER
fixed length control field 01172nam a2200265 4500
001 - CONTROL NUMBER
control field gentlyspeakshear00silv
003 - CONTROL NUMBER IDENTIFIER
control field CaSfIA
005 - DATE AND TIME OF LATEST TRANSACTION
control field 20210118085508.0
007 - PHYSICAL DESCRIPTION FIXED FIELD--GENERAL INFORMATION
fixed length control field cr||||
008 - FIXED-LENGTH DATA ELEMENTS--GENERAL INFORMATION
fixed length control field 720327s1972 mau 000 0 eng
010 ## - LIBRARY OF CONGRESS CONTROL NUMBER
LC control number 70184083
040 ## - CATALOGING SOURCE
Original cataloging agency DLC
Transcribing agency DLC
Modifying agency CaSfIA
035 ## - SYSTEM CONTROL NUMBER
System control number (OCoLC)281158
050 0# - LIBRARY OF CONGRESS CALL NUMBER
Classification number PS3569.I468
Item number G4
082 ## - DEWEY DECIMAL CLASSIFICATION NUMBER
Classification number 811/.5/4
100 1# - MAIN ENTRY--PERSONAL NAME
Personal name Silver, Leonard G.
245 10 - TITLE STATEMENT
Title Gently speaks the heart; this and other poems,
Medium [electronic resource]
Statement of responsibility, etc by Leonard G. Silver.
260 ## - PUBLICATION, DISTRIBUTION, ETC. (IMPRINT)
Place of publication, distribution, etc North Quincy, Mass.,
Name of publisher, distributor, etc Christopher Pub. House
Date of publication, distribution, etc [1972]
300 ## - PHYSICAL DESCRIPTION
Extent 64 p.
Dimensions 21 cm.
506 ## - RESTRICTIONS ON ACCESS NOTE
Standardized terminology for access restriction Необхідна авторизація на https://archive.org/ (створення облікового запису безкоштовно)
506 ## - RESTRICTIONS ON ACCESS NOTE
Standardized terminology for access restriction Необхідна авторизація на https://openlibrary.org/ (створення облікового запису безкоштовно)
856 41 - ELECTRONIC LOCATION AND ACCESS
Uniform Resource Identifier <a href="http://www.archive.org/details/gentlyspeakshear00silv">http://www.archive.org/details/gentlyspeakshear00silv</a>
Public note Free eBook from the Internet Archive
856 42 - ELECTRONIC LOCATION AND ACCESS
Uniform Resource Identifier <a href="http://www.openlibrary.org/books/OL5709580M">http://www.openlibrary.org/books/OL5709580M</a>
Public note Additional information and access via Open Library
942 ## - ADDED ENTRY ELEMENTS (KOHA)
Koha item type ЕКнига

Немає доступних примірників.